<?xml version="1.0" encoding="UTF-8"?>
<record
    xmlns:xsi="http://www.w3.org/2001/XMLSchema-instance"
    xsi:schemaLocation="http://www.loc.gov/MARC21/slim http://www.loc.gov/standards/marcxml/schema/MARC21slim.xsd"
    xmlns="http://www.loc.gov/MARC21/slim">

  <leader>02349nam a2200277   4500</leader>
  <controlfield tag="003">NALT</controlfield>
  <controlfield tag="005">20251224133331.0</controlfield>
  <controlfield tag="008">251222b        th ||||| |||| 00| 0 tha d</controlfield>
  <datafield tag="020" ind1=" " ind2=" ">
    <subfield code="a">9786169350804</subfield>
  </datafield>
  <datafield tag="040" ind1=" " ind2=" ">
    <subfield code="a">NALT</subfield>
  </datafield>
  <datafield tag="050" ind1=" " ind2=" ">
    <subfield code="a">HF 5415.1265 </subfield>
    <subfield code="b">&#xE21;337&#xE2B; 2563</subfield>
  </datafield>
  <datafield tag="100" ind1="0" ind2=" ">
    <subfield code="a">&#xE21;&#xE31;&#xE13;&#xE11;&#xE34;&#xE15;&#xE32; &#xE08;&#xE34;&#xE19;&#xE14;&#xE32;. </subfield>
    <subfield code="9">46508</subfield>
  </datafield>
  <datafield tag="245" ind1="1" ind2="0">
    <subfield code="a">1-2-3 &#xE04;&#xE33;&#xE16;&#xE32;&#xE21; Facebook /</subfield>
    <subfield code="c">&#xE21;&#xE31;&#xE13;&#xE11;&#xE34;&#xE15;&#xE32; &#xE08;&#xE34;&#xE19;&#xE14;&#xE32;. </subfield>
  </datafield>
  <datafield tag="250" ind1=" " ind2=" ">
    <subfield code="a">&#xE1E;&#xE34;&#xE21;&#xE1E;&#xE4C;&#xE04;&#xE23;&#xE31;&#xE49;&#xE07;&#xE17;&#xE35;&#xE48; 1.</subfield>
  </datafield>
  <datafield tag="260" ind1=" " ind2=" ">
    <subfield code="a">&#xE1B;&#xE17;&#xE38;&#xE21;&#xE18;&#xE32;&#xE19;&#xE35; : </subfield>
    <subfield code="b">&#xE14;&#xE34;&#xE08;&#xE34;&#xE17;&#xE31;&#xE25; &#xE17;&#xE34;&#xE1B;&#xE2A;&#xE4C;,</subfield>
    <subfield code="c">2563.</subfield>
  </datafield>
  <datafield tag="300" ind1=" " ind2=" ">
    <subfield code="a">259 &#xE2B;&#xE19;&#xE49;&#xE32; :</subfield>
    <subfield code="b">&#xE20;&#xE32;&#xE1E;&#xE1B;&#xE23;&#xE30;&#xE01;&#xE2D;&#xE1A; ;</subfield>
    <subfield code="c">21 &#xE0B;&#xE21;.</subfield>
  </datafield>
  <datafield tag="505" ind1="2" ind2=" ">
    <subfield code="a">&#xE2B;&#xE21;&#xE27;&#xE14; Facebook marketing -- Chapter 1 : &#xE04;&#xE33;&#xE16;&#xE32;&#xE21;&#xE40;&#xE23;&#xE37;&#xE48;&#xE2D;&#xE07; &#xE40;&#xE17;&#xE04;&#xE19;&#xE34;&#xE04; Facebook marketing -- Chapter 2 : &#xE04;&#xE33;&#xE16;&#xE32;&#xE21;&#xE40;&#xE23;&#xE37;&#xE48;&#xE2D;&#xE07; Location -- Chapter 3 : &#xE04;&#xE33;&#xE16;&#xE32;&#xE21;&#xE40;&#xE23;&#xE37;&#xE48;&#xE2D;&#xE07; Video/Live -- Chapter 4 : &#xE04;&#xE33;&#xE16;&#xE32;&#xE21;&#xE40;&#xE23;&#xE37;&#xE48;&#xE2D;&#xE07;&#xE01;&#xE32;&#xE23;&#xE15;&#xE31;&#xE49;&#xE07;&#xE04;&#xE48;&#xE32;&#xE41;&#xE1F;&#xE19;&#xE40;&#xE1E;&#xE08; -- Chapter 5 : &#xE04;&#xE33;&#xE16;&#xE32;&#xE21;&#xE40;&#xE23;&#xE37;&#xE48;&#xE2D;&#xE07;&#xE41;&#xE1F;&#xE19;&#xE15;&#xE31;&#xE27;&#xE22;&#xE07; -- Chapter 6 : &#xE04;&#xE33;&#xE16;&#xE32;&#xE21;&#xE40;&#xE23;&#xE37;&#xE48;&#xE2D;&#xE07; Instagram -- Chapter 7 : &#xE04;&#xE33;&#xE16;&#xE32;&#xE21;&#xE40;&#xE23;&#xE37;&#xE48;&#xE2D;&#xE07; Facebook group -- &#xE2B;&#xE21;&#xE27;&#xE14;&#xE19;&#xE42;&#xE22;&#xE1A;&#xE32;&#xE22;&#xE41;&#xE25;&#xE30;&#xE21;&#xE32;&#xE15;&#xE23;&#xE10;&#xE32;&#xE19;&#xE0A;&#xE38;&#xE21;&#xE0A;&#xE19; -- Chapter 8 : &#xE04;&#xE33;&#xE16;&#xE32;&#xE21;&#xE40;&#xE23;&#xE37;&#xE48;&#xE2D;&#xE07; &#xE19;&#xE42;&#xE22;&#xE1A;&#xE32;&#xE22;&#xE41;&#xE25;&#xE30;&#xE21;&#xE32;&#xE15;&#xE23;&#xE10;&#xE32;&#xE19;&#xE0A;&#xE38;&#xE21;&#xE0A;&#xE19; -- &#xE2B;&#xE21;&#xE27;&#xE14; Facebook advertising -- Chapter 9 : &#xE04;&#xE33;&#xE16;&#xE32;&#xE21;&#xE40;&#xE23;&#xE37;&#xE48;&#xE2D;&#xE07; &#xE40;&#xE17;&#xE04;&#xE19;&#xE34;&#xE04;&#xE01;&#xE32;&#xE23;&#xE22;&#xE34;&#xE07;&#xE41;&#xE2D;&#xE14; -- Chapter 10 : &#xE04;&#xE33;&#xE16;&#xE32;&#xE21;&#xE40;&#xE23;&#xE37;&#xE48;&#xE2D;&#xE07; Dark post -- Chapter 11 : &#xE04;&#xE33;&#xE16;&#xE32;&#xE21;&#xE40;&#xE23;&#xE37;&#xE48;&#xE2D;&#xE07; &#xE01;&#xE25;&#xE38;&#xE48;&#xE21;&#xE40;&#xE1B;&#xE49;&#xE32;&#xE2B;&#xE21;&#xE32;&#xE22; -- Chapter 12 : &#xE04;&#xE33;&#xE16;&#xE32;&#xE21;&#xE40;&#xE23;&#xE37;&#xE48;&#xE2D;&#xE07; &#xE1B;&#xE23;&#xE30;&#xE2A;&#xE34;&#xE17;&#xE18;&#xE34;&#xE20;&#xE32;&#xE1E;&#xE01;&#xE32;&#xE23;&#xE19;&#xE33;&#xE2A;&#xE48;&#xE07; -- Chapter 13 : &#xE04;&#xE33;&#xE16;&#xE32;&#xE21;&#xE40;&#xE23;&#xE37;&#xE48;&#xE2D;&#xE07; &#xE40;&#xE07;&#xE34;&#xE19; &#xE46; &#xE17;&#xE2D;&#xE07; &#xE46; -- Chapter 14 : &#xE04;&#xE33;&#xE16;&#xE32;&#xE21;&#xE40;&#xE23;&#xE37;&#xE48;&#xE2D;&#xE07;&#xE22;&#xE32;&#xE01;&#xE02;&#xE36;&#xE49;&#xE19;&#xE2D;&#xE35;&#xE01;&#xE19;&#xE34;&#xE14;.</subfield>
  </datafield>
  <datafield tag="650" ind1=" " ind2="4">
    <subfield code="a">&#xE01;&#xE32;&#xE23;&#xE15;&#xE25;&#xE32;&#xE14;&#xE2D;&#xE34;&#xE19;&#xE40;&#xE17;&#xE2D;&#xE23;&#xE4C;&#xE40;&#xE19;&#xE47;&#xE15;</subfield>
    <subfield code="9">3557</subfield>
  </datafield>
  <datafield tag="650" ind1=" " ind2="4">
    <subfield code="a">&#xE2A;&#xE37;&#xE48;&#xE2D;&#xE2A;&#xE31;&#xE07;&#xE04;&#xE21;&#xE2D;&#xE2D;&#xE19;&#xE44;&#xE25;&#xE19;&#xE4C; </subfield>
    <subfield code="9">22494</subfield>
  </datafield>
  <datafield tag="650" ind1=" " ind2="4">
    <subfield code="a">&#xE01;&#xE32;&#xE23;&#xE1A;&#xE23;&#xE34;&#xE2B;&#xE32;&#xE23;&#xE18;&#xE38;&#xE23;&#xE01;&#xE34;&#xE08;</subfield>
    <subfield code="9">9125</subfield>
  </datafield>
  <datafield tag="942" ind1=" " ind2=" ">
    <subfield code="2">lcc</subfield>
    <subfield code="c">GB</subfield>
  </datafield>
  <datafield tag="996" ind1=" " ind2=" ">
    <subfield code="a">jidapa.t</subfield>
    <subfield code="b">ACQSTF</subfield>
    <subfield code="c">2025-12-22</subfield>
  </datafield>
  <datafield tag="996" ind1=" " ind2=" ">
    <subfield code="a">varee.k</subfield>
    <subfield code="b">LIBSTF</subfield>
    <subfield code="c">2025-12-23</subfield>
  </datafield>
  <datafield tag="996" ind1=" " ind2=" ">
    <subfield code="a">saiphon.d</subfield>
    <subfield code="b">CATSTF	</subfield>
    <subfield code="c">2025-12-24</subfield>
  </datafield>
  <datafield tag="999" ind1=" " ind2=" ">
    <subfield code="c">107583</subfield>
    <subfield code="d">107583</subfield>
  </datafield>
  <datafield tag="998" ind1=" " ind2=" ">
    <subfield code="j">104</subfield>
    <subfield code="k"> &#xE19;&#xE32;&#xE07;&#xE2A;&#xE32;&#xE27;&#xE2A;&#xE32;&#xE22;&#xE1D;&#xE19;  &#xE14;&#xE35;&#xE07;&#xE32;&#xE21;</subfield>
  </datafield>
  <datafield tag="952" ind1=" " ind2=" ">
    <subfield code="0">0</subfield>
    <subfield code="1">0</subfield>
    <subfield code="2">lcc</subfield>
    <subfield code="4">0</subfield>
    <subfield code="7">0</subfield>
    <subfield code="8">CGBL</subfield>
    <subfield code="a">NALT</subfield>
    <subfield code="b">NALT</subfield>
    <subfield code="c">GEN</subfield>
    <subfield code="d">2025-12-22</subfield>
    <subfield code="l">0</subfield>
    <subfield code="o">HF 5415.1265 &#xE21;337&#xE2B; 2563</subfield>
    <subfield code="p">3961216018</subfield>
    <subfield code="r">2025-12-22 00:00:00</subfield>
    <subfield code="w">2025-12-22</subfield>
    <subfield code="y">GB</subfield>
  </datafield>
</record>
